Puccinis Opern - Statistiken

Allgemein
  • Dieses Quiz wurde 12 mal gespielt
  • Das Durchschnittsergebnis liegt bei 3 aus 10
Antwortstatistiken
Jahr der Uraufführung Titel % Korrekt
1900 Tosca
83%
1926 Turandot
75%
1896 La Bohème
67%
1904 Madama Butterfly
42%
1918 Il trittico
17%
1893 Manon Lescaut
17%
1889 Edgar
8%
1910 La fanciulla del West
8%
1917 La rondine
8%
1884 Le Villi
8%
Keine übereinstimmenden Quizze gefunden
Verteilung der Resultate
Anzahl Personen mit jedem Resultat
Perzentil nach korrekt beantworteten Fragen
Ihre Resultats-Entwicklung
Sie haben dieses Quiz noch nicht gespielt